Současný stav a vývoj světových pojistných trhů

Rozbor svetových poistných trhov. Zvýšenie sadzieb v majetkovom poistení. Riziká počítačovej techniky a ich poistenie. Poistenie cestnej prepravy nákladnými vozidlami.

Guardado en:
Detalles Bibliográficos
Autor principal: Janata, Jiří
Formato: Capítulo de libro
Lenguaje:checo
Materias:
Etiquetas: Agregar Etiqueta
Sin Etiquetas, Sea el primero en etiquetar este registro!

MARC

LEADER 00000naa a2200000 4500
001 r042809
005 20230922100252.5
041 0 |a cze 
044 |a CZ 
245 1 0 |a Současný stav a vývoj světových pojistných trhů  |c Jiří Janata 
520 |a Rozbor svetových poistných trhov. Zvýšenie sadzieb v majetkovom poistení. Riziká počítačovej techniky a ich poistenie. Poistenie cestnej prepravy nákladnými vozidlami. 
610 2 0 |a trh poistný 
610 2 0 |a analýza trhu 
610 2 0 |a poistenie 
610 2 0 |a poistenie dopravné 
610 2 0 |a poistenie majetku 
610 2 0 |a poistenie rizikové 
610 2 0 |a USA 
610 2 0 |a Európa 
100 1 |a Janata, Jiří